000 00443nam a2200169Ia 4500
003 GCL
008 140319s9999 xx 000 0 eng d
040 _aGCL /
_cGCL
082 0 4 _a005.3
_bR P
100 1 _aLAULIPE, CELINE
245 1 0 _aPLUG - N.PLAY INTERNET INCLUDES 3 FLOPY DISK /
_cLAULIPE, CELINE
700 1 _aRANDALL, NEIL
260 _a[S.N] :
_bSAMS PUBLISHING ،
_c1995
300 _a383
650 0 4 _aINTERNET
942 _2ddc
_cBK
999 _c10606
_d10606